Statistiken für Österreichische Nationalhymne Quiz

Klicken Sie hier um das Quiz zu spielen!

Allgemein

  • Dieses Quiz wurde 6.423 mal gespielt
  • Das Durchschnittsergebnis liegt bei 12 aus 21

Antwortstatistiken

Lyrics% Korrekt
Land
88%
der
87%
Berge,
84%
Österreich.
78%
am
64%
Strome,
64%
und
64%
das
63%
Dome,
58%
Äcker,
56%
Söhne,
55%
Töchter
53%
Heimat
50%
Schöne,
50%
für
48%
zukunftsreich!
48%
großer
44%
Hämmer,
44%
Vielgerühmtes
41%
Volk,
40%
begnadet
37%

Verteilung der Resultate

Perzentil nach korrekt beantworteten Fragen

Anzahl Personen mit jedem Resultat

Ihre Resultats-Entwicklung

Sie haben dieses Quiz noch nicht gespielt